| 000 -LEADER |
| fixed length control field |
00648nam a22001697a 4500 |
| 003 - CONTROL NUMBER IDENTIFIER |
| control field |
OSt |
| 005 - DATE AND TIME OF LATEST TRANSACTION |
| control field |
20260122155048.0 |
| 008 - FIXED-LENGTH DATA ELEMENTS--GENERAL INFORMATION |
| fixed length control field |
260122b xxua|||| |||| 00| 0 eng d |
| 040 ## - CATALOGING SOURCE |
| Transcribing agency |
csu |
| 100 ## - MAIN ENTRY--PERSONAL NAME |
| Personal name |
Concepcion, Ofelia E., |
| Relator term |
author. |
| 245 ## - TITLE STATEMENT |
| Title |
Ang kusinerang langgam / |
| Statement of responsibility, etc |
kwento ni Ofelia E. Concepcion; guhit ni Christian Tores; kober at kulay ni Redge S. Bayani. |
| 260 ## - PUBLICATION, DISTRIBUTION, ETC. (IMPRINT) |
| Place of publication, distribution, etc |
[Place of publication not identified]: |
| Name of publisher, distributor, etc |
[Publisher not identified], |
| Date of publication, distribution, etc |
[Date of publication not identified]. |
| 300 ## - PHYSICAL DESCRIPTION |
| Extent |
16 pages: |
| Other physical details |
color illustrations. |
| 700 ## - ADDED ENTRY--PERSONAL NAME |
| Personal name |
Tores, Christian, |
| Relator term |
illustrator. |
| 700 ## - ADDED ENTRY--PERSONAL NAME |
| Personal name |
Bayani, Redge S., |
| Relator term |
cover color. |
| 942 ## - ADDED ENTRY ELEMENTS (KOHA) |
| Source of classification or shelving scheme |
|
| Koha item type |
Books |